| 000 | 01419nam a2200349 a 4500 | ||
|---|---|---|---|
| 001 | ebr10039183 | ||
| 003 | CaPaEBR | ||
| 006 | m u | ||
| 007 | cr cn||||||||| | ||
| 008 | 001121s2001 cou sb 001 0 eng | ||
| 010 | _z 00065651 | ||
| 020 | _z188857058X | ||
| 040 |
_aCaPaEBR _cCaPaEBR |
||
| 035 | _a(OCoLC)53431493 | ||
| 050 | 1 | 4 |
_aPT2440.N72 _bZ63 2001eb |
| 082 | 0 | 4 |
_a193 _221 |
| 100 | 1 | _aGilman, Sander L. | |
| 245 | 1 | 0 |
_aNietzschean parody _h[electronic resource] : _ban introduction to reading Nietzsche / _cSander L. Gilman. |
| 250 | _a2nd, expanded ed. | ||
| 260 |
_aAurora, Colo. : _bDavies Group, _c2001. |
||
| 300 | _axviii, 180 p. | ||
| 490 | 1 | _aCritical studies in the humanities | |
| 504 | _aIncludes bibliographical references (p. [163]-175) and index. | ||
| 533 |
_aElectronic reproduction. _bPalo Alto, Calif. : _cebrary, _d2013. _nAvailable via World Wide Web. _nAccess may be limited to ebrary affiliated libraries. |
||
| 600 | 1 | 0 |
_aNietzsche, Friedrich Wilhelm, _d1844-1900 _xAesthetics. |
| 600 | 1 | 0 |
_aNietzsche, Friedrich Wilhelm, _d1844-1900 _xKnowledge _xLiterature. |
| 650 | 0 |
_aAesthetics, German _y19th century. |
|
| 655 | 7 |
_aElectronic books. _2local |
|
| 710 | 2 | _aebrary, Inc. | |
| 830 | 0 | _aCritical studies in the humanities. | |
| 856 | 4 | 0 |
_uhttp://site.ebrary.com/lib/rucke/Doc?id=10039183 _zAn electronic book accessible through the World Wide Web; click to view |
| 999 |
_c57640 _d57640 |
||